000 00348nam a22001577a 4500
003 SGT
020 _a9789350353196
082 _a340.071154,KUM
100 _aKUMAR,NILENDRA
245 _aHANDBOOK ON CLINICAL LEGAL EDUCATION
250 _a1ST
260 _aNEW DELHI
_bUNIVERSAL BOOKS
_c2013
300 _a196
650 _aLAW
942 _2ddc
_cBK
999 _c9754
_d9754